Literaturas indigentes y placeres bajos : Felisberto Hernández, Virgilio Piñera, Juan Rodolfo Wilcock /
Gorde:
| Egile nagusia: | |
|---|---|
| Formatua: | Liburua |
| Hizkuntza: | Spanish |
| Argitaratua: |
Rosario, Argentina :
Beatriz Viterbo Editora,
2000.
|
| Edizioa: | 1. edición |
| Saila: | Ensayos críticos
|
| Gaiak: | |
| Etiketak: |
Etiketa erantsi
Etiketarik gabe, Izan zaitez lehena erregistro honi etiketa jartzen!
|
MARC
| LEADER | 00000mam a2200000 a 4500 | ||
|---|---|---|---|
| 001 | 3035133 | ||
| 005 | 20140903053205.0 | ||
| 008 | 001207s2000 ag b 000 0 spa d | ||
| 020 | |a 9508450932 | ||
| 040 | |a BUF |c BUF |d CIICLA | ||
| 082 | |a A860.9 |b L775LT | ||
| 100 | 1 | |a Laddaga, Reinaldo, |d 1963- | |
| 245 | 1 | 0 | |a Literaturas indigentes y placeres bajos : |b Felisberto Hernández, Virgilio Piñera, Juan Rodolfo Wilcock / |c Reinaldo Laddaga. |
| 250 | |a 1. edición | ||
| 260 | |a Rosario, Argentina : |b Beatriz Viterbo Editora, |c 2000. | ||
| 300 | |a 159 páginas | ||
| 490 | 1 | |a Ensayos críticos | |
| 504 | |a Incluye referencias bibliográficas (páginas153-156) | ||
| 600 | 1 | 7 | |a HERNANDEZ, FELISBERTO |x Criticism and interpretation. |
| 600 | 1 | 7 | |a PIÑERA, VIRGILIO, |d 1912-1979 |x Criticism and interpretation. |
| 600 | 1 | 7 | |a WILCOCK, JUAN RODOLFO, |d 1919-1978 |x CRITICA E INTERPRETACION. |
| 650 | 1 | 7 | |a LITERATURA HISPANOAMERICANA |y SIGLO XX |x HISTORIA Y CRITICA |
| 942 | |2 ddc |c BK | ||
| 999 | |c 3440 |d 3440 | ||



